| 000 | 00428nam a22001697a 4500 | ||
|---|---|---|---|
| 003 | NUST-PNEC | ||
| 005 | 20170116181024.0 | ||
| 008 | 140709b xxu||||| |||| 00| 0 eng d | ||
| 020 | _a8174090339 | ||
| 040 | _cLIBRARY | ||
| 082 | _a621.8 BAL | ||
| 100 |
_9136 _aBallaney, P.L. |
||
| 245 |
_aTheory of machines and mechanisms _bP.L. Ballaney |
||
| 260 | _cc.1999 | ||
| 650 |
_xME _910768 _aTheory of Machines |
||
| 942 |
_2ddc _cBK |
||
| 999 |
_c67503 _d67503 |
||